|
|
|
|
| LEADER |
00000cam a2200000 a 4500 |
| 001 |
1/109090 |
| 008 |
151007s1954####gr | ||| |||| ||gre|| |
| 040 |
|
|
|a GR-MyUa
|b gre
|c GR-MyUa
|e AACR2
|
| 041 |
0 |
|
|a gre
|
| 082 |
7 |
|
|a 634.9618
|2 (23)
|
| 100 |
1 |
|
|a Καρράς, Τάκης.
|
| 245 |
1 |
2 |
|a Οι πυρκαϊες των δασών :
|b (εκλαϊκευτική μελέτη) /
|c Τάκη Καρρά.
|
| 260 |
|
|
|a Αθήναι :
|b [χ.ό],
|c 1954.
|
| 300 |
|
|
|a 14 σ. :
|b εικ. ;
|c 1954.
|
| 650 |
|
0 |
|a Forest fire
|z Greece.
|
| 650 |
|
0 |
|a Forest fire
|x Prevention and control.
|
| 852 |
|
|
|a INST
|b SAMOS
|c PORFYRIADA
|e 20151007
|h 634.9618 ΚΑΡ
|p 005300042985
|q 005300042985
|t NOLOAN
|y 23
|
| 970 |
|
|
|a Σιτζίμη
|b Γιασεμή
|z 07/10/2015
|